Appropriate building materials : a catalogue of potential solutions /

Bibliographic Details
Main Author: Stulz, Roland
Corporate Authors: German Appropriate Technology Exchange, Intermediate Technology Publications, Schweizerische Kontaktstelle fur Angepasste Technik am ILE
Format: Book
Language:English
Published: St. Gallen, Switzerland : London : Eschbom, FRG : SKAT ; IT ; GATE, 1988.
Edition:2nd non rev. ed.
Subjects:
Classic Catalogue: View this record in Classic Catalogue
LEADER 01274nam a2200277 a 4500
001 880000
008 090622s1988 sz a bf 001 0 eng d
020 |a 3908001099 (SKAT) 
020 |a 0946688281 (ITP) 
040 |a NBuU   |c  NBuU 
082 0 0 |a 691.091724 
100 1 |a Stulz, Roland. 
245 1 0 |a Appropriate building materials :   |b  a catalogue of potential solutions /   |c  Roland Stulz. 
250 |a 2nd non rev. ed. 
260 |a St. Gallen, Switzerland :   |b  SKAT ;   |a  London :   |b  IT ;   |a  Eschbom, FRG :   |b  GATE,   |c  1988. 
300 |a xii, 336 p. :   |b  ill. ;   |c  23 cm. 
504 |a Includes Bibliography (p. 318-324.) and index 
541 1 |e 00001562 
650 0 |a Building materials   |z  Developing countries   |v  Handbooks, manuals, etc. 
650 0 |a Building materials   |v  Handbooks, manuals, etc. 
710 2 |a German Appropriate Technology Exchange. 
710 2 |a Intermediate Technology Publications. 
710 2 |a Schweizerische Kontaktstelle fur Angepasste Technik am ILE. 
852 4 |a Ayesha Abed Library  |j General shelf  
999 |c 1535  |d 1535 
952 |0 0  |1 0  |2 ddc  |4 0  |6 691_091724000000000_STU  |7 0  |9 1410  |a BRACUL  |b BRACUL  |c GEN  |d 2009-06-28  |g 0.00  |l 5  |m 13  |o 691.091724 STU  |p 3010001562  |r 2025-01-12  |s 2025-01-05  |t 1  |w 2009-06-28  |y BK  |x No price found in the accession register.